00971nam a22002777a 450000500170000001000110001702000100002803500110003803700160004904000120006508200130007710000320009024500740012225000120019626000510020827000450025930000330030450000190033765000210035665000230037765000330040070000290043394200220046299900190048495201900050320170124105909.0 a748175 c28.00 a748175 aCen Lib/Ret aDPLbEN a618bEAS aEastman, Nicholas J.910002 aWillams obestetrics /cby Nicholson J. Eastman [and] Louis M. Hellman a13th ed aNew DelhibAmerind Publishing Co.Pvt.Ltdc1966 aN-88 Cannaught CircusbNew Delhie100001 avii,1182p. :bill.c22cm(Hb) aIncludes index aPregnancy910003 aChildbirth 910004 aDelivery(obstetrics)9105659 aHellman, Louis M.910006 2ddccENh618mEAS c122400d122400 041040718REFaLbLd2015-05-21eCen Lib/Retg28.00l0o618 EASp748175r2015-05-21 00:00:00t1v28.00w2015-05-21yENzWritten off on approval by DLB (By Circulation); dtd 15-06-2023